Paroles Je sais pas jouer-Pierpoljak - Statistiques

Statistiques générales
  • Ce quiz a été pris 10 fois
  • Le résultat moyen est 172 sur 283
Statistiques - réponses
Réponse % Correct
à
100%
A
100%
au
100%
pas
100%
de
89%
du
89%
je
89%
jouer
89%
la
89%
que
89%
reggae
89%
Autre
78%
ça
78%
ce
78%
c'est
78%
C'est
78%
chose
78%
danser
78%
J'sais
78%
j'sais
78%
le
78%
Les
78%
les
78%
il
67%
Mais
67%
Moi
67%
sur
67%
une
67%
chanter
56%
des
56%
Jremue
56%
J'remue
56%
Oh
56%
ou
56%
Oui
56%
Tu
56%
as
44%
comme
44%
en
44%
En
44%
Et
44%
et
44%
Ils
44%
ils
44%
jolie
44%
Ont
44%
Pour
44%
pour
44%
ta
44%
voix
44%
Blah
33%
bon
33%
disent
33%
est
33%
J'ai
33%
j'suis
33%
leur
33%
monsieur
33%
Pekah
33%
pourquoi
33%
qui
33%
Qui
33%
savent
33%
temps
33%
t'entêter
33%
va
33%
aime
22%
artistiques
22%
bœufs
22%
brouter
22%
côte
22%
d'être
22%
directeurs
22%
emmener
22%
facile
22%
fais
22%
flèche
22%
genre
22%
gratte
22%
habile
22%
laisse
22%
Laisse-toi
22%
mauvais
22%
mèche
22%
monter
22%
musique
22%
ouais
22%
parler
22%
plutôt
22%
politique
22%
pousser
22%
Prends
22%
science
22%
sèche
22%
suffit
22%
tous
22%
tout
22%
affaires
11%
avoir
11%
barbelés
11%
bâtons
11%
bison
11%
casse
11%
chantier
11%
coups
11%
essayé
11%
gangster
11%
horizon
11%
J'me
11%
l'usine
11%
même
11%
parlent
11%
perdre
11%
qu'je
11%
salive
11%
sois
11%
touche
11%
user
11%
Whohoho
11%
Aucun quiz correspondant
Distribution des résultats
% des personnes avec chaque résultat
Percentile par nombre de réponses
Votre historique - résultats
Vous n’avez pas pris ce quiz